000 00984nam a22002537a 4500
005 20170123164148.0
010 _aA-935122
020 _c125.00
035 _aA-935122
037 _bCen Lib/Ret
040 _aDPL
_bPN
082 _a
_bਵਿਰਦੀ
100 _aਵਿਰਦੀ, ਜਸਵੰਤ ਸਿੰਘ
_94285
245 _aਖੁੱਲੀ ਹਵਾ :
_cਜਸਵੰਤ ਸਿੰਘ ਵਿਰਦੀ
_bਕਹਾਨੀ ਸੰਗ੍ਰਹਿ /
246 _aKhulli hawa : short stories
_bby Jaswant Singh Virdi
260 _aਦਿੱਲੀ
_bਮਨਪ੍ਰੀਤ ਪ੍ਰਕਾਸ਼ਨ
_c1999
270 _a16/16 (1st floor) ਗੀਤਾ ਕਾਲੋਨੀ
_bਦਿੱਲੀ
300 _a131p ;
_c20cm
650 _aਪੰਜਾਬੀ ਕਹਾਣੀਆ
_9124185
650 _aਸਾਹਿਤ -- ਪੰਜਾਬੀ
_9124186
650 _aPunjabi - literature
_9781
650 _aPunjabi -- story
_9124187
942 _2ddc
_cPN
_h
_mਵਿਰਦੀ
999 _c110166
_d110166